<?xml version="1.0" encoding="UTF-8"?>
<record
    xmlns:xsi="http://www.w3.org/2001/XMLSchema-instance"
    xsi:schemaLocation="http://www.loc.gov/MARC21/slim http://www.loc.gov/standards/marcxml/schema/MARC21slim.xsd"
    xmlns="http://www.loc.gov/MARC21/slim">

  <leader>01654nam a2200229Ia 4500</leader>
  <datafield tag="999" ind1=" " ind2=" ">
    <subfield code="c">36913</subfield>
    <subfield code="d">36913</subfield>
  </datafield>
  <controlfield tag="001">2864</controlfield>
  <controlfield tag="003">GE_BSU</controlfield>
  <controlfield tag="005">20190613140111.0</controlfield>
  <controlfield tag="008">181216s||||||||xx |||||||||||||| ||und||</controlfield>
  <datafield tag="020" ind1=" " ind2=" ">
    <subfield code="a">9789941412929</subfield>
  </datafield>
  <datafield tag="040" ind1=" " ind2=" ">
    <subfield code="c">GE_BSU</subfield>
  </datafield>
  <datafield tag="080" ind1=" " ind2=" ">
    <subfield code="a">340.131</subfield>
  </datafield>
  <datafield tag="100" ind1=" " ind2=" ">
    <subfield code="a">&#x10D9;&#x10D5;&#x10D8;&#x10E0;&#x10D8;&#x10D9;&#x10D0;&#x10D8;&#x10D0;, &#x10D6;&#x10E3;&#x10E0;&#x10D0;&#x10D1;.</subfield>
    <subfield code="9">2469</subfield>
  </datafield>
  <datafield tag="245" ind1=" " ind2=" ">
    <subfield code="a">&#x10D9;&#x10DD;&#x10DC;&#x10D9;&#x10E0;&#x10D4;&#x10E2;&#x10E3;&#x10DA; &#x10D3;&#x10D0; &#x10D0;&#x10D1;&#x10E1;&#x10E2;&#x10E0;&#x10D0;&#x10E5;&#x10E2;&#x10E3;&#x10DA; &#x10DC;&#x10DD;&#x10E0;&#x10DB;&#x10D0;&#x10D7;&#x10D0; &#x10D9;&#x10DD;&#x10DC;&#x10E2;&#x10E0;&#x10DD;&#x10DA;&#x10D8;&#x10E1; &#x10E1;&#x10E3;&#x10D1;&#x10D8;&#x10D4;&#x10E5;&#x10E2;&#x10D4;&#x10D1;&#x10D8;&#x10E1; &#x10D7;&#x10D0;&#x10D5;&#x10D8;&#x10E1;&#x10D4;&#x10D1;&#x10E3;&#x10E0;&#x10D4;&#x10D1;&#x10D4;&#x10D1;&#x10D8; &#x10E1;&#x10D0;&#x10D9;&#x10DD;&#x10DC;&#x10E1;&#x10E2;&#x10D8;&#x10E2;&#x10E3;&#x10EA;&#x10D8;&#x10DD; &#x10E1;&#x10D0;&#x10E1;&#x10D0;&#x10DB;&#x10D0;&#x10E0;&#x10D7;&#x10DA;&#x10DD;&#x10D4;&#x10D1;&#x10E8;&#x10D8; / </subfield>
    <subfield code="c">&#x10D6;&#x10E3;&#x10E0;&#x10D0;&#x10D1; &#x10D9;&#x10D5;&#x10D8;&#x10E0;&#x10D9;&#x10D5;&#x10D0;&#x10D8;&#x10D0; ; &#x10E0;&#x10D4;&#x10D3;. &#x10DB;&#x10E3;&#x10E0;&#x10DB;&#x10D0;&#x10DC; &#x10D2;&#x10DD;&#x10E0;&#x10D2;&#x10DD;&#x10E8;&#x10D0;&#x10EB;&#x10D4; ; &#x10D1;&#x10D0;&#x10D7;&#x10E3;&#x10DB;&#x10D8;&#x10E1; &#x10E8;&#x10DD;&#x10D7;&#x10D0; &#x10E0;&#x10E3;&#x10E1;&#x10D7;&#x10D0;&#x10D5;&#x10D4;&#x10DA;&#x10D8;&#x10E1; &#x10E1;&#x10D0;&#x10EE;&#x10D4;&#x10DA;&#x10DB;&#x10EC;. &#x10E3;&#x10DC;-&#x10E2;&#x10D8;, &#x10E1;&#x10DD;&#x10EA;&#x10D8;&#x10D0;&#x10DA;. &#x10DB;&#x10D4;&#x10EA;&#x10DC;., &#x10D1;&#x10D8;&#x10D6;&#x10DC;&#x10D4;&#x10E1;&#x10D8;&#x10E1;&#x10D0; &#x10D3;&#x10D0; &#x10E1;&#x10D0;&#x10DB;&#x10D0;&#x10E0;&#x10D7;&#x10D0;&#x10DA;&#x10DB;&#x10EA;. &#x10E4;&#x10D0;&#x10D9;-&#x10E2;&#x10D8;, &#x10D8;&#x10E3;&#x10E0;&#x10D8;&#x10D3;. &#x10DB;&#x10D4;&#x10EA;&#x10DC;. &#x10D3;&#x10D4;&#x10DE;&#x10D0;&#x10E0;&#x10E2;&#x10D0;&#x10DB;&#x10D4;&#x10DC;&#x10E2;&#x10D8;. </subfield>
  </datafield>
  <datafield tag="264" ind1=" " ind2=" ">
    <subfield code="a">&#x10D1;&#x10D0;&#x10D7;&#x10E3;&#x10DB;&#x10D8; :</subfield>
    <subfield code="b">&#x10E8;&#x10DD;&#x10D7;&#x10D0; &#x10E0;&#x10E3;&#x10E1;&#x10D7;&#x10D0;&#x10D5;&#x10D4;&#x10DA;&#x10D8;&#x10E1; &#x10E1;&#x10D0;&#x10EE;&#x10D4;&#x10DA;&#x10DB;&#x10EC;. &#x10E3;&#x10DC;-&#x10E2;&#x10D8;&#x10E1; &#x10D2;&#x10D0;&#x10DB;-&#x10D1;&#x10D0;, </subfield>
    <subfield code="c">2011.</subfield>
  </datafield>
  <datafield tag="300" ind1=" " ind2=" ">
    <subfield code="a">87 &#x10D2;&#x10D5;. ;</subfield>
    <subfield code="b">20 &#x10E1;&#x10DB;.</subfield>
  </datafield>
  <datafield tag="653" ind1=" " ind2=" ">
    <subfield code="a">&#x10E1;&#x10D0;&#x10DB;&#x10D0;&#x10E0;&#x10D7;&#x10D0;&#x10DA;&#x10D8;</subfield>
  </datafield>
  <datafield tag="653" ind1=" " ind2=" ">
    <subfield code="a"> &#x10E1;&#x10D0;&#x10D9;&#x10DD;&#x10DC;&#x10E1;&#x10E2;&#x10D8;&#x10E2;&#x10E3;&#x10EA;&#x10D8;&#x10DD; &#x10E1;&#x10D0;&#x10E1;&#x10D0;&#x10DB;&#x10D0;&#x10E0;&#x10D7;&#x10DA;&#x10DD;</subfield>
  </datafield>
  <datafield tag="700" ind1=" " ind2=" ">
    <subfield code="a">&#x10D2;&#x10DD;&#x10E0;&#x10D2;&#x10DD;&#x10E8;&#x10D0;&#x10EB;&#x10D4;, &#x10DB;&#x10E3;&#x10E0;&#x10DB;&#x10D0;&#x10DC; </subfield>
    <subfield code="e">&#x10E0;&#x10D4;&#x10D3;&#x10D0;&#x10E5;&#x10E2;&#x10DD;&#x10E0;&#x10D8;</subfield>
    <subfield code="9">2470</subfield>
  </datafield>
  <datafield tag="710" ind1=" " ind2=" ">
    <subfield code="a">&#x10D1;&#x10D0;&#x10D7;&#x10E3;&#x10DB;&#x10D8;&#x10E1; &#x10E1;&#x10D0;&#x10EE;&#x10D4;&#x10DA;&#x10DB;&#x10EC;. &#x10E3;&#x10DC;-&#x10E2;&#x10D8;;</subfield>
    <subfield code="b"> &#x10E1;&#x10DD;&#x10EA;. &#x10DB;&#x10D4;&#x10EA;&#x10DC;., &#x10D1;&#x10D8;&#x10D6;&#x10DC;&#x10D4;&#x10E1;&#x10D8;&#x10E1;&#x10D0; &#x10D3;&#x10D0; &#x10E1;&#x10D0;&#x10DB;&#x10D0;&#x10E0;&#x10D7;&#x10D0;&#x10DA;&#x10DB;&#x10EA;. &#x10E4;&#x10D0;&#x10D9;-&#x10E2;&#x10D8;.</subfield>
    <subfield code="9">2471</subfield>
  </datafield>
  <datafield tag="942" ind1=" " ind2=" ">
    <subfield code="c">BK</subfield>
    <subfield code="2">udc</subfield>
  </datafield>
  <datafield tag="952" ind1=" " ind2=" ">
    <subfield code="0">0</subfield>
    <subfield code="1">0</subfield>
    <subfield code="2">udc</subfield>
    <subfield code="4">0</subfield>
    <subfield code="6">340131_&#x10D9;46</subfield>
    <subfield code="7">0</subfield>
    <subfield code="9">36313</subfield>
    <subfield code="a">CPL</subfield>
    <subfield code="b">CPL</subfield>
    <subfield code="c">GEN</subfield>
    <subfield code="d">2018-12-17</subfield>
    <subfield code="g">2.70</subfield>
    <subfield code="o">340.131 &#x10D9;&#x2013;46</subfield>
    <subfield code="p">4841</subfield>
    <subfield code="r">2018-12-17</subfield>
    <subfield code="t">4841</subfield>
    <subfield code="w">2018-12-17</subfield>
    <subfield code="y">BK</subfield>
    <subfield code="z">2 &#x10DA;. 70 &#x10D7;.</subfield>
  </datafield>
  <datafield tag="952" ind1=" " ind2=" ">
    <subfield code="0">0</subfield>
    <subfield code="1">0</subfield>
    <subfield code="2">udc</subfield>
    <subfield code="4">0</subfield>
    <subfield code="6">340131_&#x10D9;46</subfield>
    <subfield code="7">0</subfield>
    <subfield code="9">36314</subfield>
    <subfield code="a">CPL</subfield>
    <subfield code="b">CPL</subfield>
    <subfield code="c">GEN</subfield>
    <subfield code="d">2018-12-17</subfield>
    <subfield code="g">2.70</subfield>
    <subfield code="o">340.131 &#x10D9;&#x2013;46</subfield>
    <subfield code="p">4842</subfield>
    <subfield code="r">2018-12-17</subfield>
    <subfield code="t">4842</subfield>
    <subfield code="w">2018-12-17</subfield>
    <subfield code="y">BK</subfield>
    <subfield code="z">2 &#x10DA;. 70 &#x10D7;.</subfield>
  </datafield>
  <datafield tag="952" ind1=" " ind2=" ">
    <subfield code="0">0</subfield>
    <subfield code="1">0</subfield>
    <subfield code="2">udc</subfield>
    <subfield code="4">0</subfield>
    <subfield code="6">340131</subfield>
    <subfield code="7">0</subfield>
    <subfield code="9">36315</subfield>
    <subfield code="a">CPL</subfield>
    <subfield code="b">CPL</subfield>
    <subfield code="c">GEN</subfield>
    <subfield code="d">2018-12-17</subfield>
    <subfield code="g">2.70</subfield>
    <subfield code="o">340.131</subfield>
    <subfield code="p">4843</subfield>
    <subfield code="r">2018-12-17</subfield>
    <subfield code="t">4843</subfield>
    <subfield code="w">2018-12-17</subfield>
    <subfield code="y">BK</subfield>
    <subfield code="z">2 &#x10DA;. 70 &#x10D7;.</subfield>
  </datafield>
  <datafield tag="952" ind1=" " ind2=" ">
    <subfield code="0">0</subfield>
    <subfield code="1">0</subfield>
    <subfield code="2">udc</subfield>
    <subfield code="4">0</subfield>
    <subfield code="6">340131_&#x10D9;46</subfield>
    <subfield code="7">0</subfield>
    <subfield code="9">36316</subfield>
    <subfield code="a">CPL</subfield>
    <subfield code="b">CPL</subfield>
    <subfield code="c">GEN</subfield>
    <subfield code="d">2018-12-17</subfield>
    <subfield code="g">2.70</subfield>
    <subfield code="o">340.131 &#x10D9;&#x2013;46</subfield>
    <subfield code="p">4844</subfield>
    <subfield code="r">2018-12-17</subfield>
    <subfield code="t">4844</subfield>
    <subfield code="w">2018-12-17</subfield>
    <subfield code="y">BK</subfield>
    <subfield code="z">2 &#x10DA;. 70 &#x10D7;.</subfield>
  </datafield>
</record>
